000 01096cam a2200205 4500
001 WB3927-16
008 030717n2003 000 0 eng u
035 _a(Sirsi) u123038
245 _aDisadvantaged communities remain socially excluded
260 _c2003
490 _aJoseph Rowntree Foundation Press Release
_v 17 July 2003 (2)
520 _aThe Joseph Rowntree Foundation has released a study "Developing people - regenerating place: achieving greater integration for local area regeneration", which highlights barriers at national and local level which hinder integrated working between regeneration programmes and wider initiatives. The report is based on a series of case studies and identifies practical steps which can be taken to promote joint working. Copies of the report are available from Marston Book Services t +44 (0)1235 465500. http://www.jrf.org.uk/pressroom/releases/170703.asp
590 _aWB
650 _aSOCIAL HOUSING
650 _aLOCAL COMMUNITIES
650 _aDISADVANTAGED AREAS
650 _aSOCIAL EXCLUSION
690 _aREGENERATION
942 _n0
999 _c73066
_d73066